00617nam a2200193Ia 4500008004100000020001500041082001200056100002800068245004100096250000700137260004100144300002800185500000700213600003300220650001600253942000700269952013200276999001500408240925s9999 xx 000 0 und d a9971513080 a510 MIC aMichael , O. Albertson 0aDiscrete mathematics with algorithms aNA aNew York:bJohn Wiley & Sonsc,2003. axiii,692p.bNAfPirated aNA aHumanities & Natural Science aMathematics cBK 001040708HUMaUITUbUITUd2004-03-05eParamount Book Pvt Ltdg406.68l0o510 MICpQ5574r2024-09-25 07:13:54w2024-09-25yBK c8073d8073